Costa Rica en el segundo año de Esquipulas II: lucha social y política exterior
Gespeichert in:
| 1. Verfasser: | |
|---|---|
| Format: | Text |
| Veröffentlicht: |
San Juan:
CEPAS. FLACSO
|
| Tags: |
Tag hinzufügen
Keine Tags, Fügen Sie den ersten Tag hinzu!
|
MARC
| LEADER | 00000 a a2200000 04500 | ||
|---|---|---|---|
| 001 | 24180 | ||
| 003 | |||
| 040 | |||
| 090 | |a 172100 | ||
| 100 | |a Sojo Obando, Carlos | ||
| 245 | |a Costa Rica en el segundo año de Esquipulas II: lucha social y política exterior | ||
| 260 | |a San Juan: |b CEPAS. FLACSO | ||
| 300 | |a 22 p. | ||
| 999 | |c 11954 |d 11954 | ||
